[Event "4NCL 2012-13"]
[Site "Sunningdale ENG"]
[Date "2012.11.04"]
[Round "2.182"]
[White "McDonald, Neil"]
[Black "Cooper, John G"]
[Result "1/2-1/2"]
[WhiteTitle "GM"]
[BlackTitle "IM"]
[WhiteElo "2454"]
[BlackElo "2343"]
[WhiteTeam "Wood Green, Hilsmark Kingfisher"]
[BlackTeam "South Wales Dragons"]
[WhiteFideId "400629"]
[BlackFideId "1800027"]
[EventDate "2012.11.03"]

1. e4 e6 2. d4 d5 3. Nd2 c5 4. exd5 exd5 5. Ngf3 Nc6 6. Bb5 Bd6 7. O-O Ne7 8.
dxc5 Bxc5 9. Nb3 Bd6 10. Re1 O-O 11. h3 h6 12. Be3 Nf5 13. Bc5 Bxc5 14. Nxc5 Qb6
15. Bxc6 bxc6 16. Na4 Qc7 17. Nd4 Nd6 18. Nc5 Qb6 19. Ndb3 Bf5 20. Qf3 Rfe8 21.
Qf4 Ne4 22. Na4 Qa6 23. Qxf5 Qxa4 24. Qd7 Qc4 25. c3 c5 26. Rad1 Nf6 27. Qc6
Rec8 28. Qd6 a5 29. Re3 a4 30. Nc1 Rd8 31. Qg3 Re8 32. Rxe8+ Rxe8 33. Qd3 Qxd3
34. Nxd3 c4 35. Nf4 Rd8 36. Rd2 g5 37. Ne2 a3 38. bxa3 Ra8 39. f3 Rxa3 40. Kf2
Kf8 41. Ke3 Ke7 42. Kd4 Ke6 43. Kc5 Nd7+ 44. Kb4 Ra8 45. Nd4+ Kd6 46. Nf5+ Ke6
47. Nxh6 Rb8+ 48. Ka3 Nc5 49. Re2+ Kd7 50. Nxf7 Ra8+ 51. Kb2 Nd3+ 52. Kb1 Ra3
53. Ne5+ Kd6 54. Nxd3 cxd3 55. Rd2 Rxc3 56. Kb2 d4 57. g3 Kd5 58. Rh2 Rc8 59. a4
Kc4 60. a5 Ra8 61. h4 1/2-1/2

[Event "4NCL 2012-13"]
[Site "Sunningdale ENG"]
[Date "2012.11.04"]
[Round "2.183"]
[White "Zeidler, Sven P."]
[Black "Pert, Richard G"]
[Result "1/2-1/2"]
[WhiteTitle "FM"]
[BlackTitle "IM"]
[WhiteElo "2281"]
[BlackElo "2454"]
[WhiteTeam "South Wales Dragons"]
[BlackTeam "Wood Green, Hilsmark Kingfisher"]
[WhiteFideId "1800604"]
[BlackFideId "404748"]
[EventDate "2012.11.03"]

1. e4 c5 2. f4 d5 3. Nc3 d4 4. Nb1 Nc6 5. Nf3 Nf6 6. d3 g6 7. Be2 Bg7 8. O-O Qc7
9. a4 a6 10. Na3 O-O 11. Nh4 h6 12. b3 Bd7 13. Bd2 Rae8 14. g4 e5 15. Nc4 b5 16.
axb5 axb5 17. Nxe5 Nxe5 18. fxe5 Qxe5 19. Ra6 Nd5 20. Nf3 Qe7 21. Ra7 Ne3 22.
Bxe3 dxe3 23. Qc1 Qd6 24. Qxe3 Bxg4 25. Kg2 Ra8 26. Rxa8 Rxa8 27. e5 Qd5 28. c4
bxc4 29. bxc4 Bxf3+ 30. Qxf3 Qxf3+ 31. Bxf3 Ra2+ 32. Rf2 Rxf2+ 33. Kxf2 Bxe5 34.
h3 Kg7 35. Bd5 h5 36. Bc6 Kf6 37. Bf3 Kg5 38. Bd5 Kf6 39. Bf3 Kg7 40. Kg2 Bc3
41. Kg3 Bd4 42. Kg2 Bf6 43. Kg3 Bc3 44. Kg2 f5 45. Bc6 Kf7 46. Bd5+ Ke7 47. Bf3
Kd6 48. Bd5 Ke7 49. Bf3 Kf6 50. Bc6 Kf7 51. Bd5+ Kg7 52. Bc6 Kf8 53. Bf3 Bd4 54.
Bd5 Ke7 55. Bf3 Bg7 56. Bd1 Kf6 57. Ba4 Ke7 58. Bd1 Kf6 59. Ba4 Ke5 60. Be8 Kd4
61. Bxg6 Kxd3 62. Bxf5+ Kxc4 63. h4 1/2-1/2

[Event "4NCL 2012-13"]
[Site "Sunningdale ENG"]
[Date "2012.11.04"]
[Round "2.184"]
[White "Littlewood, Paul E"]
[Black "Redmond, John P."]
[Result "1-0"]
[WhiteTitle "IM"]
[WhiteElo "2367"]
[BlackElo "2236"]
[WhiteTeam "Wood Green, Hilsmark Kingfisher"]
[BlackTeam "South Wales Dragons"]
[WhiteFideId "400190"]
[BlackFideId "2500051"]
[EventDate "2012.11.03"]

1. d4 e6 2. c4 d5 3. Nc3 c6 4. e4 dxe4 5. Nxe4 Bb4+ 6. Nc3 c5 7. a3 Bxc3+ 8.
bxc3 Nf6 9. Nf3 Nc6 10. Be2 Qa5 11. O-O O-O 12. d5 Rd8 13. Bg5 Ne7 14. Bxf6 gxf6
15. Qc1 Kg7 16. dxe6 Bxe6 17. Nd2 Bf5 18. Bf3 Rd7 19. Re1 Rad8 20. Nf1 Bg6 21.
Bg4 f5 22. Bf3 Ng8 23. Ng3 Rd3 24. Qg5 Qxc3 25. Bd5 Re8 26. Nxf5+ Kh8 27. Ne3 b6
28. a4 Qf6 29. Qg3 Qe5 30. a5 Qxg3 31. hxg3 Nf6 32. axb6 axb6 33. Bf3 Rd2 34.
Ra7 Rb2 35. Rd1 Kg7 36. g4 h6 37. Rc7 Rb4 38. Rd6 Re5 39. Rb7 Rb1+ 40. Kh2 Ne4
41. Bxe4 Bxe4 42. Rbxb6 Rxb6 43. Rxb6 Re6 44. Rb5 Rc6 45. Kg3 Bd3 46. Rb3 Bg6
47. Rb8 Bd3 48. Rd8 Bb1 49. Rd5 Be4 50. Re5 Bd3 51. Kf4 Kf6 52. Rd5 Bb1 53. Nf1
Kg6 54. f3 Bc2 55. Ke3 Kf6 56. Kd2 Bb1 57. Kc3 Kg7 58. Nd2 Bg6 59. Nb3 Re6 60.
Nxc5 Re3+ 61. Nd3 Kf6 62. Kd2 Re8 63. Nf4 Ra8 64. Kc3 Ra1 65. Rd2 Ke5 66. Nxg6+
fxg6 67. Kb4 Rb1+ 68. Kc5 Rc1 69. Kb5 Rb1+ 70. Kc6 Kf4 71. Rc2 h5 72. gxh5 gxh5
73. c5 Kg3 74. Kd6 Rd1+ 75. Ke7 h4 76. Rc4 1-0

[Event "4NCL 2012-13"]
[Site "Sunningdale ENG"]
[Date "2012.11.04"]
[Round "2.185"]
[White "Jameson, David"]
[Black "Briscoe, Chris"]
[Result "1/2-1/2"]
[BlackTitle "CM"]
[WhiteElo "2143"]
[BlackElo "2217"]
[WhiteTeam "South Wales Dragons"]
[BlackTeam "Wood Green, Hilsmark Kingfisher"]
[WhiteFideId "1801538"]
[BlackFideId "408360"]
[EventDate "2012.11.03"]

1. d4 Nf6 2. c4 e6 3. Nf3 b6 4. a3 Ba6 5. Qc2 c5 6. dxc5 Bxc5 7. Bg5 h6 8. Bh4
Be7 9. e4 d6 10. Be2 O-O 11. O-O Nc6 12. Rd1 Qc7 13. Nbd2 Rac8 14. Rac1 Qb8 15.
Bd3 Rfd8 1/2-1/2

[Event "4NCL 2012-13"]
[Site "Sunningdale ENG"]
[Date "2012.11.04"]
[Round "2.186"]
[White "Hegarty, Sarah N"]
[Black "James, David"]
[Result "0-1"]
[WhiteTitle "WFM"]
[BlackTitle "FM"]
[WhiteElo "2133"]
[BlackElo "2147"]
[WhiteTeam "Wood Green, Hilsmark Kingfisher"]
[BlackTeam "South Wales Dragons"]
[WhiteFideId "2501465"]
[BlackFideId "1800272"]
[EventDate "2012.11.03"]

1. e4 c5 2. Nf3 d6 3. d4 cxd4 4. Nxd4 Nf6 5. Nc3 a6 6. f4 Qc7 7. Bd3 Nbd7 8. Nf3
g6 9. O-O Bg7 10. Qe1 Nc5 11. e5 dxe5 12. fxe5 Ng4 13. Bf4 Ne6 14. Bg3 b5 15. h3
Nh6 16. Be4 Bb7 17. Rd1 Bxe4 18. Qxe4 Rc8 19. Rd2 Nf5 20. Bf2 Bh6 21. Rdd1 Qc6
22. Qe1 Nf4 23. e6 Qxe6 24. Qxe6 Nxe6 25. Rfe1 Bg7 26. Ne5 h5 27. Nxg6 Bxc3 28.
bxc3 Rg8 29. Rd5 Nfg7 30. Nh4 Rxc3 31. Rd2 f6 32. Red1 Kf7 33. Rd7 Rxc2 34. Ra7
Rxa2 35. Rdd7 Re8 36. Be1 Nc5 37. Rdc7 Nd3 38. Bg3 Ne6 39. Rd7 Ndc5 40. Rd5 b4
41. Rxh5 b3 0-1

[Event "4NCL 2012-13"]
[Site "Sunningdale ENG"]
[Date "2012.11.04"]
[Round "2.187"]
[White "Roberts, David L"]
[Black "Hasman, Cengiz"]
[Result "0-1"]
[WhiteElo "2073"]
[BlackElo "2151"]
[WhiteTeam "South Wales Dragons"]
[BlackTeam "Wood Green, Hilsmark Kingfisher"]
[WhiteFideId "407720"]
[BlackFideId "413364"]
[EventDate "2012.11.03"]

1. e4 Nf6 2. e5 Nd5 3. d4 d6 4. Nf3 dxe5 5. Nxe5 c6 6. Be2 Bf5 7. O-O Nd7 8. Nd3
Qb6 9. c4 N5f6 10. Be3 Qc7 11. Nc3 e6 12. Rc1 Bd6 13. g3 a6 14. c5 Be7 15. Bf4
Qd8 16. Ne5 Nxe5 17. Bxe5 O-O 18. Qb3 Qc8 19. Bf3 Nd7 20. Bf4 Rd8 21. Na4 Re8
22. Rfe1 Bf6 23. Rcd1 h6 24. Bd6 Rd8 25. h4 Re8 26. Kg2 Bg6 27. Rh1 Bd8 28. Qe3
Bc2 29. Nc3 Bxd1 30. Rxd1 Bc7 31. Qf4 Bxd6 32. Qxd6 Nf6 33. Na4 Qb8 34. Nb6 Qxd6
35. cxd6 Red8 36. Nxa8 Rxa8 37. Rd3 Rd8 38. Rb3 Rd7 39. Rb6 Ne8 40. b3 Nxd6 41.
a4 Nf5 42. b4 Nxd4 43. Be4 Kf8 44. Bd3 Ke7 45. b5 axb5 46. axb5 Nxb5 47. Bxb5
cxb5 48. Rxb5 Kd6 49. h5 Kc6 50. Rb4 b5 0-1

[Event "4NCL 2012-13"]
[Site "Sunningdale ENG"]
[Date "2012.11.04"]
[Round "2.188"]
[White "Cutmore, Martin J"]
[Black "Owens, Megan R"]
[Result "0-1"]
[WhiteElo "2051"]
[BlackElo "1847"]
[WhiteTeam "Wood Green, Hilsmark Kingfisher"]
[BlackTeam "South Wales Dragons"]
[WhiteFideId "409022"]
[BlackFideId "1801996"]
[EventDate "2012.11.03"]

1. d4 Nf6 2. c4 g6 3. Nc3 d5 4. cxd5 Nxd5 5. Bd2 Bg7 6. e4 Nxc3 7. Bxc3 c5 8. d5
O-O 9. Bc4 Nd7 10. Nf3 Bxc3+ 11. bxc3 Qa5 12. Qc2 Nb6 13. Be2 f5 14. O-O Qa4 15.
Qxa4 Nxa4 16. Rac1 fxe4 17. Ng5 Bf5 18. g4 Bd7 19. Nxe4 Rf4 20. f3 Bxg4 21. Rf2
Raf8 22. Kg2 Nb6 23. c4 Nd7 24. Rcf1 Bf5 25. Nd2 Ne5 26. Kg3 g5 27. Ne4 Bxe4 28.
fxe4 Ng6 29. Rxf4 Nxf4 30. Bg4 Nh5+ 31. Kg2 Rxf1 32. Kxf1 Nf4 33. Kf2 Kg7 34.
Bf5 h6 35. Kf3 Kf6 36. Bc8 b6 37. h4 Ng6 38. hxg5+ Kxg5 39. Kg3 Ne5 0-1

[Event "4NCL 2012-13"]
[Site "Staverton ENG"]
[Date "2013.01.12"]
[Round "3.111"]
[White "Dearing, Eddie"]
[Black "Howell, David W L"]
[Result "0-1"]
[WhiteTitle "IM"]
[BlackTitle "GM"]
[WhiteElo "2418"]
[BlackElo "2634"]
[WhiteTeam "Cambridge University"]
[BlackTeam "Wood Green, Hilsmark Kingfisher"]
[WhiteFideId "2400731"]
[BlackFideId "410608"]
[EventDate "2012.11.03"]

1. d4 Nf6 2. c4 g6 3. Nc3 d5 4. Bg5 Ne4 5. Bf4 Nxc3 6. bxc3 Bg7 7. e3 O-O 8. Nf3
c5 9. cxd5 Qxd5 10. Be2 cxd4 11. cxd4 Nc6 12. O-O Bf5 13. Nh4 Bd7 14. Rb1 b6 15.
a4 Rac8 16. Nf3 Bf5 17. Rb5 Qa2 18. d5 Rfd8 19. a5 Nxa5 20. d6 Nb7 21. Rxf5 gxf5
22. d7 Rc5 0-1

[Event "4NCL 2012-13"]
[Site "Staverton ENG"]
[Date "2013.01.12"]
[Round "3.112"]
[White "Rowson, Jonathan"]
[Black "Mah, Karl C C"]
[Result "1-0"]
[WhiteTitle "GM"]
[BlackTitle "IM"]
[WhiteElo "2586"]
[BlackElo "2415"]
[WhiteTeam "Wood Green, Hilsmark Kingfisher"]
[BlackTeam "Cambridge University"]
[WhiteFideId "2400561"]
[BlackFideId "404381"]
[EventDate "2012.11.03"]

1. d4 d5 2. c4 c6 3. Nf3 Nf6 4. Nc3 g6 5. Bf4 Bg7 6. e3 O-O 7. h3 Be6 8. Qb3 Qb6
9. c5 Qxb3 10. axb3 Ne4 11. b4 Nd7 12. Bd3 Bf5 13. g4 Nxc3 14. Bxf5 gxf5 15.
bxc3 fxg4 16. hxg4 f5 17. gxf5 Rxf5 18. Ke2 e5 19. Bg3 exd4 20. cxd4 Nf8 21. b5
cxb5 22. Rhb1 Ne6 23. Rxb5 Raf8 24. Nh4 Bxd4 25. Rd1 Bxc5 26. Nxf5 Rxf5 27. Rxb7
Ng5 28. Bf4 Ne4 29. Rg1+ Kf8 30. Bh6+ 1-0

[Event "4NCL 2012-13"]
[Site "Staverton ENG"]
[Date "2013.01.12"]
[Round "3.113"]
[White "Bisby, Daniel L"]
[Black "Gordon, Stephen J"]
[Result "1/2-1/2"]
[WhiteTitle "FM"]
[BlackTitle "GM"]
[WhiteElo "2288"]
[BlackElo "2533"]
[WhiteTeam "Cambridge University"]
[BlackTeam "Wood Green, Hilsmark Kingfisher"]
[WhiteFideId "404586"]
[BlackFideId "411477"]
[EventDate "2012.11.03"]

1. e4 c5 2. Nf3 d6 3. d4 cxd4 4. Nxd4 Nf6 5. Nc3 a6 6. Be3 e5 7. Nb3 Be6 8. Qd2
Nbd7 9. f3 h5 10. O-O-O Be7 11. Kb1 Qc7 12. h3 b5 13. Nd5 Bxd5 14. exd5 Nb6 15.
Bxb6 Qxb6 16. Na5 Rc8 17. Nc6 Nxd5 18. Nxe7 Nxe7 19. Qxd6 Qxd6 20. Rxd6 Nc6 21.
a4 Ke7 22. Rd1 Rhd8 23. Bd3 Rd5 24. axb5 axb5 25. Be4 Rc5 26. Rhe1 b4 27. Rd5
Rxd5 28. Bxd5 f6 29. Bxc6 Rxc6 30. Re4 Rb6 31. Ka2 b3+ 32. cxb3 Ke6 33. g4 1/2-1/2

[Event "4NCL 2012-13"]
[Site "Staverton ENG"]
[Date "2013.01.12"]
[Round "3.114"]
[White "Fontaine, Robert"]
[Black "Eckersley-Waites, Adam"]
[Result "0-1"]
[WhiteTitle "GM"]
[WhiteElo "2559"]
[BlackElo "2266"]
[WhiteTeam "Wood Green, Hilsmark Kingfisher"]
[BlackTeam "Cambridge University"]
[WhiteFideId "605590"]
[BlackFideId "411698"]
[EventDate "2012.11.03"]

1. e4 c5 2. Nf3 d6 3. Nc3 Nc6 4. d4 cxd4 5. Nxd4 g6 6. g3 Bg7 7. Nde2 Nf6 8. Bg2
O-O 9. O-O Rb8 10. a4 a6 11. h3 b5 12. axb5 axb5 13. Bg5 Nd7 14. Qc1 b4 15. Nd5
Nc5 16. Rd1 Ba6 17. Rd2 Re8 18. Be3 Qc8 19. Kh2 Ne5 20. b3 e6 21. Bxc5 dxc5 22.
Nc7 Qxc7 23. Rxa6 Ra8 24. Rxa8 Rxa8 25. Qd1 Nc6 26. Qf1 Ra1 27. Rd1 Ra2 28. Rc1
Bb2 29. Rd1 Bg7 30. Rc1 Bb2 31. Rd1 Bc3 32. Nxc3 bxc3 33. Qd3 Nd4 34. Qxc3 Rxc2
35. Qe3 Re2 36. Qc1 Qb6 37. Qf4 e5 38. Qxe5 Rxf2 39. Qe8+ Kg7 40. Qe5+ f6 41.
Qe7+ Kh6 42. Qf8+ Kg5 43. Rc1 c4 44. Qf7 Qc6 45. Qe7 c3 46. Ra1 c2 47. Ra5+ Nb5
48. Qb4 c1=Q 49. Rxb5+ Qxb5 50. Qxb5+ Kh6 51. e5 Qc2 52. Qd5 fxe5 53. h4 Qd2 54.
Qa8 Qe2 55. Kh3 Qe3 56. Kh2 Kg7 57. Qb7+ Rf7 58. Qd5 Qd4 59. Qc6 Re7 60. Be4
Qd2+ 61. Kg1 Qe3+ 62. Kh2 Qxb3 63. Qc5 Qe6 64. Bd5 Qf6 0-1

[Event "4NCL 2012-13"]
[Site "Staverton ENG"]
[Date "2013.01.12"]
[Round "3.115"]
[White "Karayiannis, Costas"]
[Black "Pert, Nicholas"]
[Result "0-1"]
[BlackTitle "GM"]
[WhiteElo "2170"]
[BlackElo "2557"]
[WhiteTeam "Cambridge University"]
[BlackTeam "Wood Green, Hilsmark Kingfisher"]
[WhiteFideId "405183"]
[BlackFideId "403989"]
[EventDate "2012.11.03"]

1. d4 d5 2. c4 c6 3. Nf3 Nf6 4. e3 Bf5 5. Nc3 e6 6. Nh4 Bg6 7. Be2 Nbd7 8. O-O
dxc4 9. Nxg6 hxg6 10. Bxc4 Nb6 11. Be2 Bd6 12. h3 Qe7 13. Qc2 g5 14. f3 Bc7 15.
Ne4 Nfd5 16. Nc5 O-O-O 17. Bd2 Qd6 18. f4 Nxf4 19. exf4 Qxd4+ 20. Rf2 Qxd2 21.
Ba6 Qxc2 22. Bxb7+ Kb8 23. Rxc2 Bxf4 24. Bxc6 Be3+ 25. Kf1 Bxc5 26. Rxc5 g4 27.
Rc3 Rd2 28. b3 Nd5 29. Bxd5 Rxd5 30. Rac1 gxh3 31. gxh3 Rhd8 32. Ke2 Rd2+ 33.
Ke3 f5 34. Rg1 R8d7 35. a4 R2d4 36. Rc4 Rd3+ 37. Kf4 Rxh3 38. Rb4+ Kc7 39. Kg5
Kd8 40. Rb5 Ke8 41. Re1 Kf7 42. a5 Rg3+ 43. Kf4 Rdd3 44. Ke5 Rxb3 45. Rc5 Rgc3 0-1

[Event "4NCL 2012-13"]
[Site "Staverton ENG"]
[Date "2013.01.12"]
[Round "3.117"]
[White "McClement, Andrew"]
[Black "Emms, John M"]
[Result "1/2-1/2"]
[BlackTitle "GM"]
[WhiteElo "2128"]
[BlackElo "2483"]
[WhiteTeam "Cambridge University"]
[BlackTeam "Wood Green, Hilsmark Kingfisher"]
[WhiteFideId "2400480"]
[BlackFideId "400254"]
[EventDate "2012.11.03"]

1. e4 e5 2. Nf3 Nc6 3. Bb5 a6 4. Ba4 Nf6 5. O-O b5 6. Bb3 Bc5 7. c3 d6 8. Re1
O-O 9. d4 Bb6 10. Qd3 Re8 11. a4 exd4 12. cxd4 Bb7 13. axb5 axb5 14. Rxa8 Bxa8
15. Bg5 h6 16. Bxf6 Qxf6 17. Qxb5 Rb8 18. Rd1 Bxd4 19. Qa4 Bc5 20. Bd5 Ne5 21.
Bxa8 Nxf3+ 22. gxf3 Rxb2 23. e5 Qxe5 24. Qe4 Bxf2+ 25. Kh1 Bg3 26. Nd2 Bxh2 27.
Qxe5 Bxe5 28. Nc4 1/2-1/2

[Event "4NCL 2012-13"]
[Site "Staverton ENG"]
[Date "2013.01.12"]
[Round "3.118"]
[White "Arakhamia-Grant, Ketevan"]
[Black "Chevannes, Sabrina L"]
[Result "1/2-1/2"]
[WhiteTitle "GM"]
[BlackTitle "WFM"]
[WhiteElo "2414"]
[BlackElo "2083"]
[WhiteTeam "Wood Green, Hilsmark Kingfisher"]
[BlackTeam "Cambridge University"]
[WhiteFideId "13600168"]
[BlackFideId "411280"]
[EventDate "2012.11.03"]

1. e4 c6 2. d4 d5 3. e5 Bf5 4. Nf3 e6 5. Be2 c5 6. O-O Nc6 7. Be3 Qb6 8. Nc3 c4
9. b3 Qa5 10. Bd2 Bb4 11. Qe1 Bxc2 12. bxc4 Nge7 13. cxd5 Nxd5 14. Nxd5 Bxd2 15.
Nxd2 Qxd5 16. Nc4 O-O 17. Ne3 Qe4 18. Bf3 Qg6 19. Bxc6 bxc6 20. f3 Ba4 21. Qc3
Rfb8 22. Rfc1 Rb7 23. Qa3 Bb5 24. Rab1 Rab8 25. Qc3 Qg5 26. Rb2 h6 27. Rf2 Qg6
28. Rd2 Ba4 29. Qd3 Rb1 30. Rf1 Rxf1+ 31. Nxf1 Qxd3 32. Rxd3 Rb1 33. Rd2 Bb5 34.
Rf2 Rd1 35. g3 Rxd4 36. Ne3 Ra4 37. Rd2 Ra3 38. Kf2 Rd3 39. Rc2 Kf8 40. f4 Ke7
41. Rb2 Rd7 42. Kf3 a6 43. Rc2 Rd4 44. h4 Ba4 45. Rc3 Rd2 46. a3 Bb5 47. Nc2
Rd3+ 1/2-1/2

[Event "4NCL 2012-13"]
[Site "Staverton ENG"]
[Date "2013.01.12"]
[Round "3.121"]
[White "Turner, Matthew J"]
[Black "Webb, Richard M"]
[Result "1-0"]
[WhiteTitle "GM"]
[BlackTitle "FM"]
[WhiteElo "2504"]
[BlackElo "2266"]
[WhiteTeam "Barbican 4NCL"]
[BlackTeam "BCM"]
[WhiteFideId "402893"]
[BlackFideId "404829"]
[EventDate "2012.11.03"]

1. e4 e5 2. Bc4 Nf6 3. d3 Nc6 4. Nf3 Be7 5. O-O O-O 6. Nbd2 d6 7. a4 Na5 8. Ba2
c5 9. c3 Nc6 10. Nc4 h6 11. Ne3 Re8 12. h3 Bf8 13. Nh2 Ne7 14. Qf3 Be6 15. Neg4
Nh7 16. Bxe6 fxe6 17. Qg3 g5 18. d4 exd4 19. f4 Bg7 20. fxg5 hxg5 21. Bxg5 1-0

[Event "4NCL 2012-13"]
[Site "Staverton ENG"]
[Date "2013.01.12"]
[Round "3.122"]
[White "Hansen, Hans-Peter"]
[Black "D'Costa, Lorin A R"]
[Result "1/2-1/2"]
[BlackTitle "IM"]
[WhiteElo "2207"]
[BlackElo "2426"]
[WhiteTeam "BCM"]
[BlackTeam "Barbican 4NCL"]
[WhiteFideId "1503502"]
[BlackFideId "409219"]
[EventDate "2012.11.03"]

1. c4 Nf6 2. g3 g6 3. Bg2 d5 4. cxd5 Nxd5 5. Nc3 Nxc3 6. bxc3 Bg7 7. Nf3 Nc6 8.
O-O O-O 9. Qa4 Qd7 10. Ng5 Nd8 11. Qa3 e5 12. d3 Re8 13. Rb1 Qe7 14. Qxe7 1/2-1/2

[Event "4NCL 2012-13"]
[Site "Staverton ENG"]
[Date "2013.01.12"]
[Round "3.123"]
[White "Cox, John J"]
[Black "Coates, Kenneth G"]
[Result "1-0"]
[WhiteTitle "IM"]
[WhiteElo "2396"]
[BlackElo "2184"]
[WhiteTeam "Barbican 4NCL"]
[BlackTeam "BCM"]
[WhiteFideId "401064"]
[BlackFideId "409391"]
[EventDate "2012.11.03"]

1. c4 c6 2. g3 d5 3. Nf3 Nf6 4. Bg2 g6 5. b3 Bg7 6. Bb2 O-O 7. O-O Bg4 8. d3
Nbd7 9. Nbd2 Re8 10. Ne5 Nxe5 11. Bxe5 Qa5 12. h3 Be6 13. Qc1 dxc4 14. Nxc4 Bxc4
15. Bc3 Qh5 16. g4 Qh4 17. bxc4 h5 18. g5 Nh7 19. Bxg7 Kxg7 20. f4 e5 21. Qe1
Qxe1 22. Raxe1 exf4 23. h4 Re3 24. Rxf4 Rae8 25. Kf2 f5 26. Be4 Rh3 27. Bg2 Rhe3
28. Be4 Rh3 29. Bf3 Nf8 30. c5 Ne6 31. Rb4 f4 32. Rxb7+ Kf8 33. Rh1 Rxh1 34.
Bxh1 Nd4 35. Be4 a5 36. Rd7 1-0

[Event "4NCL 2012-13"]
[Site "Staverton ENG"]
[Date "2013.01.12"]
[Round "3.124"]
[White "Farrand, Tom"]
[Black "Franklin, Samuel G A"]
[Result "0-1"]
[BlackTitle "FM"]
[WhiteElo "2200"]
[BlackElo "2322"]
[WhiteTeam "BCM"]
[BlackTeam "Barbican 4NCL"]
[WhiteFideId "406457"]
[BlackFideId "468576"]
[EventDate "2012.11.03"]

1. e4 e5 2. Nf3 Nc6 3. d4 exd4 4. Bc4 Bc5 5. c3 Nf6 6. cxd4 Bb4+ 7. Bd2 Bxd2+ 8.
Nbxd2 d5 9. exd5 Nxd5 10. Qb3 Na5 11. Qa4+ Nc6 12. Qb3 Nce7 13. O-O O-O 14. Ne5
c6 15. Ne4 Rb8 16. Rfe1 Bf5 17. Rad1 Qb6 18. Nc3 Qxb3 19. Bxb3 Rbd8 20. h3 h6
21. Ne4 Bc8 22. Nc4 Nf5 23. Ne5 Nf4 24. g3 Nxh3+ 25. Kh2 Nxd4 26. f4 Nxb3 27.
axb3 f5 28. Nd6 Nf2 29. Nxc8 Rxd1 30. Ne7+ Kh7 31. Re2 Ne4 32. g4 Rd2 33. Rxd2
Nxd2 34. g5 hxg5 35. fxg5 g6 36. N7xg6 Re8 37. Kg3 Ne4+ 38. Kf4 Nd6 39. Nd7 Kxg6
40. Nc5 Re4+ 41. Kf3 Rb4 0-1

[Event "4NCL 2012-13"]
[Site "Staverton ENG"]
[Date "2013.01.12"]
[Round "3.125"]
[White "Knott, Simon J B"]
[Black "Tavares, Shawn P"]
[Result "1-0"]
[WhiteTitle "IM"]
[WhiteElo "2325"]
[BlackElo "2168"]
[WhiteTeam "Barbican 4NCL"]
[BlackTeam "BCM"]
[WhiteFideId "400645"]
[BlackFideId "7700016"]
[EventDate "2012.11.03"]

1. Nf3 Nf6 2. c4 c6 3. d4 d5 4. e3 g6 5. Nc3 Bg7 6. Be2 O-O 7. O-O Bg4 8. cxd5
cxd5 9. Qb3 b6 10. h3 Bf5 11. Ne5 Be6 12. Rd1 Qc8 13. Bd2 Nbd7 14. Nd3 Rd8 15.
Rac1 Qb7 16. Nf4 Nf8 17. Be1 g5 18. Nxe6 Nxe6 19. f3 Rac8 20. g4 h5 21. Bg3 h4
22. Bh2 Ne8 23. Qa3 N8c7 24. Qxe7 Bf8 25. Qf6 Ne8 26. Qf5 N8g7 27. Qc2 Bd6 28.
Bd3 Ne8 29. Bxd6 Nxd6 30. Qe2 Rc7 31. Ba6 Qc6 32. a3 Ne8 33. Na2 Qd6 34. Qh2 Qe7
35. Nc3 Nf6 36. Qf2 Re8 37. Nb5 Rc4 38. b3 Rxc1 39. Rxc1 Kg7 40. Rc3 Nf8 41. Qh2
Rd8 42. Kf2 Ng6 43. Rc7 Qe6 44. Rc3 Qe7 45. Qc7 Rd7 46. Qb8 Ne8 47. Rc8 Nd6 48.
Nxd6 Rxd6 49. Rg8+ Kf6 50. Bd3 Re6 51. e4 dxe4 52. fxe4 Qd7 53. e5+ Ke7 54. Ke3
Rc6 55. Bxg6 Rc3+ 56. Bd3 Rxd3+ 57. Kxd3 Qb5+ 58. Kd2 1-0

[Event "4NCL 2012-13"]
[Site "Staverton ENG"]
[Date "2013.01.12"]
[Round "3.126"]
[White "Richardson, Keith B"]
[Black "Rogers, Jonathan W"]
[Result "0-1"]
[BlackTitle "FM"]
[WhiteElo "2115"]
[BlackElo "2328"]
[WhiteTeam "BCM"]
[BlackTeam "Barbican 4NCL"]
[WhiteFideId "410152"]
[BlackFideId "402052"]
[EventDate "2012.11.03"]

1. c4 e5 2. Nc3 Nf6 3. Nf3 d6 4. d4 Nbd7 5. e4 c6 6. Be2 g6 7. O-O Bg7 8. b4
exd4 9. Nxd4 O-O 10. Bf4 Re8 11. f3 Nh5 12. Be3 c5 13. Ndb5 a6 14. Nxd6 Bxc3 15.
Rc1 cxb4 16. Nxe8 Qxe8 17. Qc2 Nhf6 18. Rcd1 Ne5 19. Bg5 Nc6 20. Rd3 Qe5 21. Qc1
Nd4 22. Bd1 Be6 23. Bf4 Qc5 24. Be3 Qxc4 0-1

[Event "4NCL 2012-13"]
[Site "Staverton ENG"]
[Date "2013.01.12"]
[Round "3.127"]
[White "Griffiths, Ryan Rhys"]
[Black "Yurenok, Maria S"]
[Result "1-0"]
[WhiteTitle "FM"]
[BlackTitle "WFM"]
[WhiteElo "2353"]
[BlackElo "2041"]
[WhiteTeam "Barbican 4NCL"]
[BlackTeam "BCM"]
[WhiteFideId "2502054"]
[BlackFideId "409359"]
[EventDate "2012.11.03"]

1. d4 d5 2. c4 c6 3. Nc3 Nf6 4. e3 g6 5. Nf3 Bg7 6. Be2 O-O 7. O-O Be6 8. Qb3
Qb6 9. Qa3 Qc7 10. cxd5 Bxd5 11. Bd2 Re8 12. Rac1 Nbd7 13. Nxd5 Nxd5 14. Qb3 Qb6
15. Qa4 Qd8 16. e4 N5b6 17. Qb3 h6 18. Rfd1 Qb8 19. a4 a5 20. h4 Qd6 21. g3 Qe6
22. Qc2 f5 23. Bd3 Rf8 24. exf5 gxf5 25. Bf4 Kh8 26. Re1 Qd5 27. Qe2 Rae8 28.
Ne5 Nxe5 29. Bxe5 Bxe5 30. Rc5 Qxd4 31. Rxe5 Nd5 32. Bxf5 Rf6 33. Re4 Qc5 34.
Be6 Ref8 35. Rf1 Nc7 36. Bh3 Nd5 37. Bg2 Rg8 38. Kh2 Qd6 39. Re5 e6 40. Rh5 Qb4
41. Qe5 Qf8 42. Qd4 Qg7 43. Bxd5 exd5 44. Qe3 Rgf8 45. f4 Rf5 46. Rxf5 Rxf5 47.
Rf2 Rf8 48. f5 Kh7 49. Qf4 Qf6 50. Kh3 Re8 51. Qc7+ Re7 52. Qxa5 Qd4 53. Qd2
Qxd2 54. Rxd2 h5 55. Rd3 Re4 56. Rb3 Rxa4 57. Rxb7+ Kg8 58. b4 Ra3 59. Rc7 Rf3
60. Rxc6 Rxf5 61. Rg6+ Kf7 62. Rg5 Rf3 63. Rxd5 Kg6 64. Rg5+ Kh6 65. Kg2 Rb3 66.
b5 Rd3 67. Kf2 Rb3 68. Ke2 Rc3 69. Kd2 Rf3 70. Kc2 Re3 71. b6 Re7 72. Rb5 Rb7
73. Kc3 Kg6 74. Kb4 Kf6 75. Ka5 Rb8 76. b7 Ke6 77. Kb6 1-0